[Event "Barcelona Sant Marti op-A 23rd"]
[Site "Barcelona"]
[Date "2023.07.17"]
[Round "5"]
[White "Pardina Domenech, Victor"]
[Black "Advait, Shankar Nair"]
[Result "1-0"]
[WhiteElo "1995"]
[BlackElo "1838"]
[PlyCount "71"]
[EventDate "2023.07.13"]
[EventType "swiss"]
[EventRounds "9"]
[EventCountry "ESP"]
[SourceTitle "CBM 215 Extra"]
[Source "ChessBase"]
[SourceDate "2023.09.30"]
[SourceVersion "1"]
[SourceVersionDate "2023.09.30"]
[SourceQuality "1"]

1. e4 c5 2. Nf3 d6 3. d4 cxd4 4. Qxd4 Nc6 5. Bb5 Bd7 6. Bxc6 Bxc6 7. c4 Nf6 8. Nc3 g6 9. 0-0 Bg7 10. Qd3 0-0 11. Be3 Qd7 12. Rfd1 Rfd8 13. Rac1 b6 14. b3 Qb7 15. Nd5 e6 16. Nxf6+ Bxf6 17. Nd2 d5 18. cxd5 exd5 19. e5 Bxe5 20. Bd4 Bb5 21. Qe3 Bxd4 22. Qxd4 Rac8 23. h3 Qa6 24. Rxc8 Qxc8 25. Re1 Qc5 26. Qf6 Qd6 27. Qd4 Re8 28. Rxe8+ Bxe8 29. Ne4 Qc6 30. Nf6+ Kf8 31. Nxd5 f5 32. Qh8+ Kf7 33. Qxh7+ Ke6 34. Nf4+ Ke5 35. Qe7+ Kxf4 36. Qe3# 1-0

[Event "Barcelona Sant Marti op-A 23rd"]
[Site "Barcelona"]
[Date "2023.07.16"]
[Round "4"]
[White "Advait, Shankar Nair"]
[Black "Fernandez Madrid, Carlos"]
[Result "1/2-1/2"]
[WhiteElo "1838"]
[BlackElo "2053"]
[PlyCount "49"]
[EventDate "2023.07.13"]
[EventType "swiss"]
[EventRounds "9"]
[EventCountry "ESP"]
[SourceTitle "CBM 215 Extra"]
[Source "ChessBase"]
[SourceDate "2023.09.30"]
[SourceVersion "1"]
[SourceVersionDate "2023.09.30"]
[SourceQuality "1"]

1. e4 d6 2. d4 Nf6 3. Nc3 g6 4. h3 Bg7 5. Nf3 0-0 6. Be3 c6 7. a4 a5 8. Bd3 Na6 9. 0-0 Nb4 10. Qd2 b6 11. e5 Nd7 12. exd6 exd6 13. Rfe1 Nxd3 14. Qxd3 Nf6 15. Qd2 Bf5 16. g4 Be4 17. Qd1 Bd5 18. Bg5 Bxf3 19. Qxf3 d5 20. Qf4 Qb8 21. Re7 Qxf4 22. Bxf4 Rfe8 23. Rae1 Bf8 24. Rxe8 Nxe8 25. Re2 1/2-1/2

[Event "Barbera del Valles op 45th"]
[Site "Barbera del Valles"]
[Date "2023.07.11"]
[Round "8"]
[White "Advait, Shankar Nair"]
[Black "Sanchez Aguilar, Arnau"]
[Result "1/2-1/2"]
[WhiteElo "1838"]
[BlackElo "2137"]
[PlyCount "80"]
[EventDate "2023.07.04"]
[EventType "swiss"]
[EventRounds "9"]
[EventCountry "ESP"]
[SourceTitle "CBM 215 Extra"]
[Source "ChessBase"]
[SourceDate "2023.09.30"]
[SourceVersion "1"]
[SourceVersionDate "2023.09.30"]
[SourceQuality "1"]

1. e4 c5 2. Nf3 d6 3. d4 cxd4 4. Nxd4 Nf6 5. Nc3 a6 6. Bg5 e6 7. f4 Be7 8. Qf3 Qc7 9. 0-0-0 b5 10. e5 Bb7 11. Qg3 dxe5 12. fxe5 Nfd7 13. Bxe7 Kxe7 14. Qg5+ Kf8 15. Bxb5 axb5 16. Ndxb5 h6 17. Qh4 g5 18. Nxc7 gxh4 19. Nxa8 Bxa8 20. Rhe1 Bxg2 21. b4 Ke7 22. b5 Rc8 23. Kb2 Rc5 24. Rd4 Nxe5 25. Ra4 Nf3 26. Ra7+ Kf8 27. Rd1 Rc8 28. Ne4 Nxh2 29. Nd6 Rd8 30. Rxf7+ Kg8 31. Re7 Bf3 32. Rg1+ Ng4 33. Rxe6 h3 34. Rxh6 h2 35. Rxh2 Rxd6 36. Rf2 Bd1 37. Rf4 Nd7 38. Rxd1 Rxd1 39. Rxg4+ Kf7 40. a4 Ke6 1/2-1/2

[Event "Charlotte op"]
[Site "Charlotte"]
[Date "2023.01.16"]
[Round "6"]
[White "Canty, James H"]
[Black "Advait, Shankar Nair"]
[Result "1/2-1/2"]
[WhiteElo "2201"]
[BlackElo "1872"]
[PlyCount "29"]
[EventDate "2023.01.14"]
[EventType "swiss"]
[EventRounds "6"]
[EventCountry "USA"]
[SourceTitle "CBM 212 Extra"]
[Source "ChessBase"]
[SourceDate "2023.03.31"]
[SourceVersion "1"]
[SourceVersionDate "2023.03.31"]
[SourceQuality "1"]

1. e4 c5 2. d4 cxd4 3. c3 dxc3 4. Nxc3 Nc6 5. Nf3 d6 6. Bc4 a6 7. 0-0 Nf6 8. Qe2 Bg4 9. Rd1 Qb8 10. h3 Bxf3 11. gxf3 e6 12. Kh1 g6 13. Bf4 e5 14. Be3 Bg7 15. Qd2 1/2-1/2

[Event "Space Coast op 27th"]
[Site "Melbourne FL"]
[Date "2022.04.23"]
[Round "2"]
[White "Advait, Shankar Nair"]
[Black "Leyva Rivera, Yunier"]
[Result "0-1"]
[WhiteElo "1728"]
[BlackElo "2387"]
[PlyCount "110"]
[EventDate "2022.04.22"]
[EventType "swiss"]
[EventRounds "5"]
[EventCountry "USA"]
[SourceTitle "EXT 2023"]
[Source "ChessBase"]
[SourceDate "2022.10.05"]
[SourceVersion "1"]
[SourceVersionDate "2022.10.05"]
[SourceQuality "1"]

1. e4 c5 2. Nf3 d6 3. d4 cxd4 4. Nxd4 Nf6 5. Nc3 Nc6 6. Bg5 e6 7. Qd2 a6 8. 0-0-0 Bd7 9. f4 b5 10. Bxf6 gxf6 11. Nxc6 Bxc6 12. f5 h5 13. Kb1 Bh6 14. Qxd6 Qxd6 15. Rxd6 Rc8 16. Be2 b4 17. Bxa6 Ke7 18. Rhd1 bxc3 19. Bxc8 Rxc8 20. b3 e5 21. Rxc6 Rxc6 22. a4 Bd2 23. Ka2 Rd6 24. b4 Rd4 25. Kb3 Rxe4 26. a5 Kd6 27. a6 Kc7 28. a7 Kb7 29. Ra1 Ka8 30. Ra6 Re1 31. Rxf6 Kxa7 32. Rxf7+ Kb6 33. Rh7 Kb5 34. Rb7+ Kc6 35. Rh7 Re2 36. Rxh5 Rxg2 37. f6 Kd6 38. Rf5 Rg8 39. f7 Rf8 40. b5 Ke6 41. Rf1 Bf4 42. Rf2 Rxf7 43. Kxc3 Kd5 44. Kb4 e4 45. c4+ Kd4 46. c5 Kd3 47. Ra2 Bd2+ 48. Kb3 e3 49. b6 e2 50. Ra1 Rf1 51. b7 Rxa1 52. b8Q Rb1+ 53. Ka4 Rxb8 54. c6 e1Q 55. c7 Qa1# 0-1

[Event "Space Coast op 27th"]
[Site "Melbourne FL"]
[Date "2022.04.22"]
[Round "1"]
[White "Shukla, Aniket"]
[Black "Advait, Shankar Nair"]
[Result "0-1"]
[WhiteElo "1907"]
[BlackElo "1728"]
[PlyCount "76"]
[EventDate "2022.04.22"]
[EventType "swiss"]
[EventRounds "5"]
[EventCountry "USA"]
[SourceTitle "EXT 2023"]
[Source "ChessBase"]
[SourceDate "2022.10.05"]
[SourceVersion "1"]
[SourceVersionDate "2022.10.05"]
[SourceQuality "1"]

1. e4 c5 2. Nf3 d6 3. d4 cxd4 4. Nxd4 Nf6 5. Nc3 g6 6. Be3 Bg7 7. f3 0-0 8. Bc4 Nc6 9. Qd2 Bd7 10. 0-0-0 Rc8 11. Bb3 Nxd4 12. Bxd4 b5 13. h4 a5 14. a3 b4 15. axb4 axb4 16. Nd5 Nxd5 17. Bxg7 Kxg7 18. exd5 Qa5 19. Qd4+ Kg8 20. Rhe1 Ba4 21. Re3 Rc7 22. Bxa4 Qxa4 23. b3 Qa5 24. h5 Rfc8 25. Rd2 Rc3 26. Kd1 Qa2 27. h6 f6 28. Qe4 Qb1+ 29. Ke2 Rxc2 30. Qe6+ Kh8 31. Red3 Rxd2+ 32. Rxd2 Rc1 33. Qf7 Re1+ 34. Kf2 Rf1+ 35. Kg3 Qe1+ 36. Kg4 f5+ 37. Kf4 Qe5+ 38. Kg5 Qg3# 0-1